000 00765nam a2200241 i 4500
001 172697
003 ES-MaACL
005 20250819063109.0
007 t|
008 090826s1986 fr ||||1| fre d
020 _a2-13-039803-0
080 _a946.0"1936/39"
100 1 _aVilar, Pierre,
_d1906-2003
_9114800
245 1 3 _aLa guerre d'Espagne /
_cPierre Vilar.
250 _a1re éd.
260 _aParis :
_bPresses Universitaires de France,
_c1986.
300 _a125 p. ;
_c18 cm.
490 1 _aQue sais-je ? ;
_v2338
651 4 _aEspaña-
_xHistoria-
_y1936-1939, Guerra civil.
_98292
830 0 0 _aQue sais-je?
_v2338
_9180931
852 4 _aES-MaACL
_jE-12989
_9R.139155
_z. - Biblioteca Jacinto Martínez Lacalle
999 _c172697
_d172697